| 000 | 00635nam a22001697a 4500 | ||
|---|---|---|---|
| 005 | 20120312134149.0 | ||
| 020 |
_a8176296368 _c00.00 |
||
| 035 | _aB-159151 | ||
| 037 |
_aDPL _bENG |
||
| 100 |
_aGoel, Aruna _943729 |
||
| 245 |
_aStress management and education / _cby Aruna Goel and S.L. Goel |
||
| 260 |
_aNew Delhi _bDeep and Deep Publications _c2005 |
||
| 300 |
_avii, 278p. _c22 cms. |
||
| 700 |
_aGoel, S.L. _943730 |
||
| 942 |
_2ddc _cEN _h155.9042 _mGOE |
||
| 999 |
_c63982 _d63982 |
||